Judo - Champions du monde 2024 - Statistiques

Statistiques générales
  • Ce quiz a été pris 25 fois
  • Le résultat moyen est 5 sur 15
Statistiques - réponses
Catégorie Réponse % Correct
Équipe Japon
85%
-81kg Tato Grigalashvili
65%
-73kg Hidayət Heydarov
60%
-90kg Goki Tajima
40%
-70kg Margaux Pinot
35%
+100kg Min jong Kim
35%
-100kg Zelym Kotsoiev
35%
-60kg Giorgi Sardalashvili
30%
-66kg Ryoma Tanaka
25%
-78kg Anna Maria Wagner
20%
-63kg Joanne van Lieshout
20%
-57kg Mi mi Huh
20%
-52kg Odette Giuffrida
20%
+78kg Wakaba Tomita
20%
-48kg Bavuudorjiin Baasankhuu
5%
Aucun quiz correspondant
Distribution des résultats
% des personnes avec chaque résultat
Percentile par nombre de réponses
Votre historique - résultats
Vous n’avez pas pris ce quiz